000 01042nam a2200277Ia 4500
003 OSt
005 20221005110619.0
006 a|||||r|||| 00| 0
007 ta
008 221004b |||||||| |||| 00| 0 hin d
020 _cIndian Rupees 45
024 _a38883
037 _bGift, 29/08/2018,
_cTextual
040 _aCRL
_cCRL
_bhin
041 _2hin
_ahin
082 _aO152,6N07:g, M3
100 _aपाण्डेय, रामजी, संपा.
245 0 _aमहादेवी
_b प्रतिनिधि गद्य - रचनाएॅं
246 _aMahādevī: pratinidhi gadya - rachanāeॅan
260 _aनई दिल्ली
_bभारतीय ज्ञानपीठ भारत
_c1983
300 _a326पृ0
_ccm.
650 _a हिन्दी साहित्य
650 _aहिन्दी निबंध
942 _hO152,6N07:g, M3
_cTEXL
_2cc
999 _c1019353
_d1019353